ইসলামী বিশ্বকোষ, প্রথম খণ্ড / (Record no. 1121)

MARC details
000 -LEADER
fixed length control field 00879nam a2200229 a 4500
003 - CONTROL NUMBER IDENTIFIER
control field BD-DhJNU
005 - DATE AND TIME OF LATEST TRANSACTION
control field 20250120064240.0
008 - FIXED-LENGTH DATA ELEMENTS--GENERAL INFORMATION
fixed length control field 160822b 2004 bg a||| |||| 00| 0 eng d
020 ## - INTERNATIONAL STANDARD BOOK NUMBER
International Standard Book Number 9840609556
040 ## - CATALOGING SOURCE
Original cataloging agency BD-DhJNU
Language of cataloging ben
Transcribing agency BD-DhJNU
Modifying agency BD-DhJNU
082 ## - DEWEY DECIMAL CLASSIFICATION NUMBER
Classification number 297.03 ISL
Edition number 23
110 ## - MAIN ENTRY--CORPORATE NAME
Corporate name or jurisdiction name as entry element ইসলামিক ফাউন্ডেশন বাংলাদেশ
245 ## - TITLE STATEMENT
Title ইসলামী বিশ্বকোষ, প্রথম খণ্ড /
246 ## - VARYING FORM OF TITLE
Title proper/short title Songkhipto Islami bissokosh /
250 ## - EDITION STATEMENT
Edition statement 2nd ed.
260 ## - PUBLICATION, DISTRIBUTION, ETC.
Place of publication, distribution, etc. ঢাকা :
Name of publisher, distributor, etc. ইসলামিক ফাউন্ডেশন বাংলাদেশ,
Date of publication, distribution, etc. 2004.
300 ## - PHYSICAL DESCRIPTION
Extent 800 p. ;
Dimensions 26 cm.
526 ## - STUDY PROGRAM INFORMATION NOTE
Program name Islamic Studies
650 ## - SUBJECT ADDED ENTRY--TOPICAL TERM
Topical term or geographic name entry element Islamic studies (ইসলাম শিক্ষা).
650 ## - SUBJECT ADDED ENTRY--TOPICAL TERM
Topical term or geographic name entry element Islamic - Encyclopedia (ইসলামী বিশ্বকোষ).
942 ## - ADDED ENTRY ELEMENTS (KOHA)
Source of classification or shelving scheme Dewey Decimal Classification
Koha item type Reference
Holdings
Withdrawn status Lost status Source of classification or shelving scheme Damaged status Not for loan Collection Home library Current library Shelving location Date acquired Source of acquisition Total checkouts Full call number Barcode Date last seen Copy number Price effective from Koha item type
    Dewey Decimal Classification     Reference Jagannath University Central Library Jagannath University Central Library Reference 01/20/2025 Purchased   297.03 ISL JNUCL7401R 01/20/2025 1 01/20/2025 Reference
    Dewey Decimal Classification     Reference Jagannath University Central Library Jagannath University Central Library Reference 01/20/2025 Purchased   297.03 ISL JNUCL13750R 01/20/2025 2 01/20/2025 Reference